Name the 2019-20 Knicks Roster - Statistics

General Stats
  • This quiz has been taken 6 times
  • The average score is 10 of 17
Answer Stats
Position Name College % Correct
C Mitchell Robinson Western Kentucky
100%
SG Allonzo Trier Arizona
80%
PG Elfrid Payton Louisiana
80%
PG Frank Ntilikina Belgium
80%
PF Julius Randle Kentucky
80%
SF Kevin Knox Kentucky
80%
SG RJ Barrett Duke
80%
PF Bobby Portis Arkansas
60%
SF Marcus Morris Kansas
60%
SG Reggie Bullock UNC
60%
C Taj Gibson USC
60%
SG Damyean Dotson Houston
40%
PG Dennis Smith NC State
40%
SG Wayne Ellington UNC
40%
SF Ignas Brazdeikis Michigan
20%
PG Kadeem Allen Arizona
20%
SF Maurice Harkless St John's
20%
No matching quizzes found
Score Distribution
Percent of People with Each Score
Percentile by Number Answered
Your Score History
You have not taken this quiz